000 00899nac a22002777a 4500
001 BR6006050
003 BR-BrBNA
005 20250213141159.0
008 230509b bl.|||m| |||| 00| 0 por d
040 _aBR-BrBNA
_bpor
_cBiblioteca Nacional de Agricultura
072 _aH20
090 _a2110 BR6006050
100 1 _aVieira, J.T.
110 1 _aServico de Informacao Agricola, Rio de Janeiro, GB (Brasil)
245 1 _aLagartao ou vassoura de bruxa [Doenca de planta; Cacau]
260 3 _aRio de Janeiro, GB (Brasil):
_c1943.
300 _a7 p.
490 _aSIA (Brazil)
_vno. 83
500 _aReprint of "Boletim do Ministerio da Agricultura", Nov 1942
650 _aDoenca de planta
650 _aCacau
650 _aVassoura-de-bruxa
650 _aFungo
856 _uhttps://repositorio-dspace.agricultura.gov.br/bitstream/1/5937/1/1943%20SIA%20083.pdf
942 _2AGRIS
_n0
_cMS
999 _c262166
_d262166